How I met your mother A-Z Quiz Stats

 Plays Quiz not verified by Sporcle

Also try: TV Roommates
Challenge
Share
Tweet
Embed
Score 0/26 Timer 10:00
0 Plays Today
Hint Answer % Correct
The creator of the Bro CodeBarney Stinson
94.8%
The Bartender at MacLaren's PubCarl
92.8%
Instrument which is a symbol Of Ted and Robin's loveFrench Horn
91.5%
The narratorTed Mosby
91.5%
Canadian Ex-PopstarRobin Scherbatsky
90.8%
NOBODY ASKED YOU ____Patrice
89.5%
Barney's brotherJames Stinson
88.9%
Big FudgeMarshall Eriksen
88.9%
Lily and Marshall moved to this country for an yearItaly
88.2%
Ted's home stateOhio
87.6%
Company Marshall and Barney used to work forGoliath National Bank
86.3%
Barney's girlfriend in Season 7Nora
86.3%
Lily's Ex boyfriendScooter
85.6%
Hint Answer % Correct
The BakerVictoria
85%
Object which is a symbol of love between Ted and TracyUmbrella
81.7%
Captain's Ex WifeZoey
81.7%
The artistLily Aldrin
78.4%
Barney and Marshall's BossArthur Hobbs
71.9%
Ted's Radio Show nameDoctor X
70.6%
Lily's catchphraseYou son of a b*tch
61.4%
His friends held a ____ for Barney when he started dating a stripperQuinntervention
60.8%
Marshall's travel companion in Season 9Daphne
59.5%
The university Ted, Marshall and Lily attendedWesleyan University
54.2%
Barney's DaughterEllie
53.6%
Robin's sisterKatie Scherbatsky
52.9%
Ted's Ex BossHammond Druthers
47.7%

You're not logged in!

Compare scores with friends on all Sporcle quizzes.
Join for Free
OR
Log In

You Might Also Like...

Show Comments

Extras

Top Quizzes Today


Score Distribution

Your Account Isn't Verified!

In order to create a playlist on Sporcle, you need to verify the email address you used during registration. Go to your Sporcle Settings to finish the process.

Report this User

Report this user for behavior that violates our Community Guidelines.

Details: